[Event "Gelsenkirchen Horst op"]
[Site "Gelsenkirchen"]
[Date "2006.08.26"]
[Round "3"]
[White "Bastians, Felix"]
[Black "Podzielny, Karl Heinz"]
[Result "0-1"]
[WhiteElo "2146"]
[BlackElo "2458"]
[PlyCount "125"]
[EventDate "2006.08.25"]
[EventType "swiss"]
[EventRounds "5"]
[EventCountry "GER"]
[SourceTitle "CBM 113 Extra"]
[Source "ChessBase"]
[SourceDate "2006.09.14"]
[SourceVersion "1"]
[SourceVersionDate "2006.09.14"]
[SourceQuality "1"]

1. e4 c5 2. Nf3 e6 3. d4 cxd4 4. Nxd4 a6 5. c4 Nf6 6. Nc3 d6 7. Be2 Qc7 8. Be3 b6 9. a3 Bb7 10. f3 Nbd7 11. Rc1 Rc8 12. b4 Be7 13. 0-0 0-0 14. Qd2 Rfe8 15. Rfd1 Bf8 16. Nb3 Qb8 17. Bf2 Ba8 18. Bf1 Rcd8 19. Qd4 h6 20. Bg3 Ne5 21. Na4 Nfd7 22. Bf2 Nc6 23. Qc3 b5 24. Nb2 Nce5 25. Bg3 Rc8 26. Qd4 Red8 27. Qe3 Be7 28. Nd4 bxc4 29. Nxc4 Bg5 30. f4 Nxc4 31. Bxc4 Bf6 32. Nf3 Bb2 33. Rc2 Nf6 34. Qb3 Bxa3 35. Qxa3 Bxe4 36. Rcc1 Bxf3 37. gxf3 Rc6 38. Bf2 Qb7 39. Bd3 Rdc8 40. Rxc6 Rxc6 41. Bd4 Nh5 42. f5 e5 43. Be4 d5 44. Bxd5 Rg6+ 45. fxg6 Qxd5 46. gxf7+ Kxf7 47. Qe3 exd4 48. Rxd4 Qf5 49. Qe4 Qg5+ 50. Kf2 Nf6 51. Qb7+ Kg8 52. Qxa6 Qe5 53. Qd6 Qf5 54. Qf4 Qb1 55. Rd6 Qb2+ 56. Rd2 Qb1 57. Qd4 Qh1 58. Ke3 Qe1+ 59. Kd3 Qf1+ 60. Kc2 Qxf3 61. b5 Qf5+ 62. Qd3 Qc5+ 63. Kb3 0-1

[Event "Karl Mala Memorial op 10th"]
[Site "Griesheim"]
[Date "2006.07.23"]
[Round "6"]
[White "Bastians, Felix"]
[Black "Hilbenz, Guntram"]
[Result "1-0"]
[WhiteElo "2146"]
[BlackElo "2027"]
[PlyCount "61"]
[EventDate "2006.07.20"]
[EventType "swiss"]
[EventRounds "7"]
[EventCountry "GER"]
[SourceTitle "CBM 113 Extra"]
[Source "ChessBase"]
[SourceDate "2006.09.14"]
[SourceVersion "1"]
[SourceVersionDate "2006.09.14"]
[SourceQuality "1"]

1. e4 c5 2. Nf3 e6 3. d4 cxd4 4. Nxd4 a6 5. c4 Nf6 6. Nc3 Bb4 7. e5 Ne4 8. Qg4 Nxc3 9. a3 Bf8 10. bxc3 d6 11. f4 Qa5 12. Qg3 Nd7 13. Be2 dxe5 14. fxe5 Nxe5 15. Bf4 Ng6 16. Bc7 Qc5 17. Nb3 Qe7 18. Rd1 Bd7 19. 0-0 Ba4 20. Bd6 Qh4 21. Qf3 f5 22. Qxb7 Qe4 23. Qc7 Nh4 24. Rf2 Bxd6 25. Rxd6 Bxb3 26. Rd7 Ng6 27. Rxg7 Ba4 28. Bh5 Qh4 29. Qf7+ Kd8 30. Rd2+ Kc8 31. Qc7# 1-0

[Event "Karl Mala Memorial op 10th"]
[Site "Griesheim"]
[Date "2006.07.22"]
[Round "4"]
[White "Bastians, Felix"]
[Black "Remy, Janina"]
[Result "1-0"]
[WhiteElo "2146"]
[BlackElo "1864"]
[PlyCount "87"]
[EventDate "2006.07.20"]
[EventType "swiss"]
[EventRounds "7"]
[EventCountry "GER"]
[SourceTitle "CBM 113 Extra"]
[Source "ChessBase"]
[SourceDate "2006.09.14"]
[SourceVersion "1"]
[SourceVersionDate "2006.09.14"]
[SourceQuality "1"]

1. e4 c6 2. Nc3 d5 3. Nf3 dxe4 4. Nxe4 Nf6 5. Nxf6+ gxf6 6. d4 Bg4 7. Be2 Nd7 8. 0-0 Nb6 9. h3 Bh5 10. Rb1 Qc7 11. Re1 e6 12. b4 Nd5 13. Bd2 Nf4 14. Bf1 Rg8 15. Kh1 0-0-0 16. Re4 Nd5 17. Rb3 Be7 18. c4 f5 19. Re1 Nf6 20. Ree3 Bxf3 21. Qxf3 Rxd4 22. Bd3 Qd8 23. Bc3 Rd7 24. b5 c5 25. a4 Ne8 26. a5 Bg5 27. a6 Bxe3 28. axb7+ Rxb7 29. Qxe3 Qg5 30. Qf3 Nd6 31. Be5 Rd7 32. g3 Ne4 33. Bxe4 fxe4 34. Qxe4 Kd8 35. Rf3 f5 36. Qc6 Rg6 37. Qxc5 Qe7 38. Qc6 Rd1+ 39. Kg2 Qd7 40. Qa8+ Ke7 41. Ra3 Qd8 42. Rxa7+ Rd7 43. Rxd7+ Qxd7 44. Qh8 1-0

[Event "NRW U18 op"]
[Site "Olpe"]
[Date "2005.10.03"]
[Round "6.8"]
[White "Bastians, Felix"]
[Black "Korste, Sebastian"]
[Result "1-0"]
[WhiteElo "1927"]
[BlackElo "1600"]
[PlyCount "71"]
[EventDate "2005.10.01"]
[EventType "swiss"]
[EventRounds "7"]
[EventCountry "GER"]
[SourceTitle "CBM 108 Extra"]
[Source "ChessBase"]
[SourceDate "2005.11.04"]
[SourceVersion "1"]
[SourceVersionDate "2005.11.04"]
[SourceQuality "1"]

1. Nf3 d5 2. c4 dxc4 3. e4 Bg4 4. Bxc4 e6 5. 0-0 Nd7 6. Nc3 Bc5 7. d3 Ne5 8. Qa4+ Nd7 9. Ne5 Bh5 10. g4 Bg6 11. Qxd7+ Qxd7 12. Nxd7 Kxd7 13. Kg2 h5 14. g5 Ne7 15. a3 c6 16. h4 b5 17. Bb3 a5 18. Ne2 f5 19. gxf6 gxf6 20. f4 Rhg8 21. Kf3 f5 22. Be3 Bxe3 23. Kxe3 Rad8 24. Rac1 Bf7 25. Rg1 Rg4 26. Nd4 fxe4 27. Rxg4 hxg4 28. dxe4 Rh8 29. f5 e5 30. Bxf7 exd4+ 31. Kxd4 Rxh4 32. Ke5 g3 33. Rg1 Rh2 34. Rxg3 Rxb2 35. Be6+ Kd8 36. f6 1-0